Collecting qualitative data : a practical Guide to textual media and virtual techniques (Record no. 37667)

MARC details
000 -LEADER
fixed length control field 00818nam a2200193 a 4500
008 - FIXED-LENGTH DATA ELEMENTS--GENERAL INFORMATION
fixed length control field 200710s2017 ||||||||||||||||| || u
020 ## - INTERNATIONAL STANDARD BOOK NUMBER
International Standard Book Number 9781107662452
050 ## - LIBRARY OF CONGRESS CALL NUMBER
Classification number H 62 Col
100 ## - MAIN ENTRY--PERSONAL NAME
Personal name Clarke, Victoria
245 10 - TITLE STATEMENT
Title Collecting qualitative data : a practical Guide to textual media and virtual techniques
Statement of responsibility, etc. Edited by Virginia Braun; Victoria Clarke and Debra Gray
260 ## - PUBLICATION, DISTRIBUTION, ETC.
Place of publication, distribution, etc. Cambridge
Name of publisher, distributor, etc. Cambridge University Press
Date of publication, distribution, etc. 2017
300 ## - PHYSICAL DESCRIPTION
Extent xxvii, 328 pages
650 ## - SUBJECT ADDED ENTRY--TOPICAL TERM
Topical term or geographic name entry element QUALITATIVE RESEARCH--METHODOLOGY
650 #0 - SUBJECT ADDED ENTRY--TOPICAL TERM
Topical term or geographic name entry element SOCIAL SCIENCES--RESEARCH--METHODOLOGY
650 #0 - SUBJECT ADDED ENTRY--TOPICAL TERM
Topical term or geographic name entry element QUALITATIVE RESEARCH
700 ## - ADDED ENTRY--PERSONAL NAME
Personal name Braun, Virginia
700 ## - ADDED ENTRY--PERSONAL NAME
Personal name Gray, Debra
995 ## - RECOMMENDATION 995 [LOCAL, UNIMARC FRANCE]
-- 49.28
-- CBU-MAIN LIBRARY (Kitwe)
-- 1
-- AVAILABLE
-- Jul 15, 2020
-- Main Library Open Access Collection
Holdings
Withdrawn status Lost status Source of classification or shelving scheme Damaged status Not for loan Home library Current library Shelving location Date acquired Total Checkouts Full call number Barcode Date last seen Price effective from Koha item type
          CBU-MAIN LIBRARY, KITWE. CBU-MAIN LIBRARY, KITWE.   11/30/2022   H 62 Col 750263 11/30/2022 11/30/2022 MONOGRAPH